Normal view
MARC view
- DIGITAL COMMUNICATION SYSTEMS. COMMUNICATION SYSTEMS-DIGITAL
Entry Topical Term
001 - CONTROL NUMBER
- control field: 68414
003 - CONTROL NUMBER IDENTIFIER
- control field: NUST
005 - DATE AND TIME OF LATEST TRANSACTION
- control field: 20210628204038.0
008 - FIXED-LENGTH DATA ELEMENTS
- fixed length control field: 210628|| aca||aabn | a|a d
040 ## - CATALOGING SOURCE
- Original cataloging agency: NUST
- Transcribing agency: NUST
150 ## - HEADING--TOPICAL TERM
- Topical term or geographic name entry element: DIGITAL COMMUNICATION SYSTEMS. COMMUNICATION SYSTEMS-DIGITAL
670 ## - SOURCE DATA FOUND
- Source citation: Work cat.: (NUST): Ha, Tri.T 57776, Theory and design of digital communication systems, 2011
